| 000 | 02630nam a22005417a 4500 | ||
|---|---|---|---|
| 003 | CHAP | ||
| 005 | 20230527062636.0 | ||
| 008 | 110906s1978 mx a r 00010 spa d | ||
| 010 | _a60643 | ||
| 011 | _a61615 | ||
| 035 | _a65783 | ||
| 040 | _cCHAP | ||
| 090 | _aFolleto 4698 | ||
| 110 | 2 |
_aMéxico. Dirección General de Educación Tecnológica Agropecuaria _976981 |
|
| 245 | 1 | 0 |
_aManuales para la educación agropecuaria _c/por F. Orozco Luna y Johan D. Berlin |
| 260 |
_aMéxico, D. F. : _bDGETA, _c1978- |
||
| 300 |
_av. : _bilus. |
||
| 490 | 0 | _aProducción animal | |
| 500 | _aLa biblioteca tiene : v.1 Aves de corral. -- v.2 Bovinos de carne. -- v.3 Bovinos de leche. -- v.4 Cabras. -- v.5 Conejos. -- v.6 Ovinos. -- v.7 Porcinos | ||
| 590 |
_aBATCH-UPD _b10 _c20130110 _lUCH01 _h1717 |
||
| 590 |
_aBATCH-UPD _b10 _c20130410 _lUCH01 _h1101 |
||
| 590 |
_aBATCH-UPD _b10 _c20130914 _lUCH01 _h0607 |
||
| 590 |
_aCONVERSION _b10 _c20130109 _lUCH01 _h1333 |
||
| 650 | 1 | 4 |
_aAnimales domesticos. _95889 |
| 650 | 1 | 4 |
_aGanado de carne. _945067 |
| 650 | 1 | 4 |
_aProducción animal. _991859 |
| 700 | 1 |
_aBerlijn, Johan D. _911826 |
|
| 700 | 0 |
_aOrozco Luna, F. _983683 |
|
| 710 | 0 | 2 | _aFAO. |
| 710 | 0 | 2 |
_aMéxico. Secretaría de Educación Pública. _977166 |
| 830 | 0 |
_aProducción animal _991860 |
|
| 901 | _aBK | ||
| 942 | _cFOLL | ||
| 949 |
_afolleto 4698 1978 _bBC _cFOLL _d33724000097382 _eTS1 _fv.2 _gDonaciØn _i65783 _sb |
||
| 949 |
_afolleto 4698 1978 _bBC _cFOLL _d33724000763645 _eTS2 _fv.2 c.2 _gDonaciØn _i65783 _sb |
||
| 949 |
_afolleto 4698 1978 _bBC _cFOLL _d33724002304884 _eTS1 _fv.3 _gDonaciØn _i65783 _sb |
||
| 949 |
_afolleto 4698 1978 _bBC _cFOLL _d33724002304926 _eTS1 _fv.5 _gDonaciØn _i65783 _sb |
||
| 949 |
_afolleto 4698 1978 _bBC _cFOLL _d33724002304967 _eTS2 _fv.6 c.2 _gDonaciØn _i65783 _sb |
||
| 949 |
_afolleto 4698 1978 _bBC _cFOLL _d33724002305009 _eTS1 _fv.4 _gDonaciØn _i65783 _sb |
||
| 949 |
_afolleto 4698 1978 _bBC _cFOLL _d33724002305040 _eTS2 _fv.4 c.2 _gDonaciØn _i65783 _sb |
||
| 949 |
_afolleto 4698 1978 _bBC _cFOLL _d33724002305082 _eTS1 _fv.6 _gDonaciØn _i65783 _sb |
||
| 949 |
_afolleto 4698 1978 _bBC _cFOLL _d33724002305124 _eTS1 _fv.7 _gDonaciØn _i65783 _sb |
||
| 949 |
_afolleto 4698 1978 _bBC _cFOLL _d33724002305165 _eTS2 _fv.7 c.2 _gDonaciØn _i65783 _sb |
||
| 949 |
_afolleto 4698 1978 _bBC _cFOLL _d33724002305603 _eTS2 _fv.2 c.3 _gDonaciØn _i65783 _sb |
||
| 949 |
_afolleto 4698 1978 _bBC _cFOLL _d33724002305644 _eTS2 _fv.2 c.4 _gDonaciØn _i65783 _sb |
||
| 949 |
_afolleto 4698 1978 _bBC _cFOLL _d33724002305686 _eTS2 _fv.1 c.2 _gDonaciØn _i65783 _sb |
||
| 949 |
_afolleto 4698 1978 _bBC _cFOLL _d33724002305728 _eTS1 _fv.1 _gDonaciØn _i65783 _sb |
||
| 999 |
_c60643 _d60643 |
||